| 000 | 00765nam a2200253 a 4500 | ||
|---|---|---|---|
| 001 | 54234 | ||
| 003 | BD-RjUL | ||
| 005 | 20211209080106.0 | ||
| 008 | 840719r1990 nyua 001 0 eng | ||
| 020 | _a0852642679 | ||
| 035 | _a(BD-RjUL)54356 | ||
| 040 |
_aDLC _cDLC _dBD-RjUL _beng |
||
| 041 | _aeng | ||
| 082 | 0 | 0 |
_223 _a667.3 _bTRD 1990 |
| 100 | 1 |
_aTrotman, E. R. _q(Edward Russell) _9161854 |
|
| 245 | 1 | 0 |
_aDyeing and chemical technology of textile fibres / _cE.R. Trotman. |
| 250 | _a6th ed. | ||
| 260 |
_aLondon : _bEdward Arnold, _cc1984[Reprinted1990] |
||
| 300 |
_ax, 587 p. : _bill. ; _c23 cm. |
||
| 500 | _a"A Wiley-Interscience publication." | ||
| 500 | _aIncludes indexes. | ||
| 650 | 0 |
_aDyes and dyeing _xTextile fibers. _9161855 |
|
| 942 |
_2ddc _cBK |
||
| 999 |
_c54234 _d54234 |
||